000 00449nam a22001697a 4500
003 OSt
005 20260330125343.0
008 260330b |||||||| |||| 00| 0 Pun d
020 _a9781989310434
040 _cBGL
100 _aਰਾਹੁਲ ਸੰਕ੍ਰਿਤਯਾਯੰ
245 _aਦਰਸ਼ਨ -ਦਿਗਦ੍ਰਸ਼ਨ
260 _aSangrur
_bAutumn Art India
_c2019
300 _a384p
650 _aPunjabi
942 _2ddc
_cGB
999 _c44352
_d44352